| 000 | 00875nam a22002777a 4500 | ||
|---|---|---|---|
| 005 | 20220329141122.0 | ||
| 008 | 971010s1988 r 00010 d | ||
| 010 | _a62865 | ||
| 011 | _a63837 | ||
| 035 | _a68363 | ||
| 082 |
_a636.08951 _bB6 1988 |
||
| 100 | 0 | 0 |
_aBooth, Nicholas H. _913807 |
| 245 | _aVeterinary pharmacology and therapeutics | ||
| 250 | _a6 ed. | ||
| 260 |
_aAmes : _bIowa State University, _c1988 |
||
| 300 | _ax, 227 p. | ||
| 590 |
_aBATCH-UPD _b10 _c20130110 _lUCH01 _h2049 |
||
| 590 |
_aBATCH-UPD _b10 _c20130410 _lUCH01 _h1402 |
||
| 590 |
_aBATCH-UPD _b10 _c20130914 _lUCH01 _h1352 |
||
| 590 |
_aCONVERSION _b10 _c20130109 _lUCH01 _h1334 |
||
| 650 | 1 | 4 |
_aFarmacología. _939762 |
| 650 | 1 | 4 |
_aVeterinaria _xMedicamentos. _9119002 |
| 700 | 0 |
_aMcDonald, Leslie E,. _973476 |
|
| 901 | _aBK | ||
| 949 |
_a636.08951 B6 1988 _bZ _cLIBRO _d-477 _eLIBRO _h749 _i68363 _si |
||
| 999 |
_c62865 _d62865 |
||